00901 a2200181 45000010006000000050017000060080041000230030015000640400040000790800104001192450029002232640032002523000019002845050285003030410008005881000024005968560099006205308620260407155804.0260407a1981 arg spa dAR-UNSa-BCEJYS aAR-UNSa-BCEJYSbspacAR-UNSa-BCEJYS a330.1xCiencia económica. Conceptos fundamentales de teoría económica. Valor. Capital. Fondos10aCausalidad en economía 1aBuenos Aires :bTesisc1981 a184 p.c20 cm. a1. ¿Porqué Economía? - 2. Los tipos de causalidad - 3. Teoría y aplicación - 4. "Estática" y "Equlibrio" - 5. Causalidad contemporánea stocks y flujos - 6. Causalidad contemporánea en Keynes - 7. Causalidad secuencial intervalos y reservas - 8. Probablidad y juicio aspa1 aHicks, John Richard41uhttps://www.biblioeco.unsa.edu.ar/pmb/images/libros/L128291.jpgyImagen de portadaqimage/jpeg